Una ética de la libertad y solidaridad : John Stuart Mill /

Guardado en:
Detalles Bibliográficos
Autor principal: Guisán, Esperanza (autor)
Formato: Libro
Idioma:Español
Publicado: Barcelona, España : Anthropos, 2008, c2008
Colección:(Huellas Memoria y Texto de Creación ; Problemas La Complejidad Negada) 35.
Temas:
Etiquetas: Agrega una etiqueta
Sin etiquetas, Sé el primero en etiquetar este registro!

MARC

LEADER 00000nam^a2200000^a^4500
001 000299223
005 20250521000000.0
009 20260310112433.689
020 |a 978-84-7658-897-0 
037 |a Acervo Xavier Clavigero 
041 |a ESP 
082 |a 320. 01  |b GUI 
100 |a Guisán, Esperanza  |e (autor) 
245 1 4 |a Una ética de la libertad y solidaridad :  |b John Stuart Mill /  |c E. Guisán. 
264 4 |a Barcelona, España :  |b Anthropos,  |c 2008, c2008 
300 |a 127 p. 
336 |a texto  |b txt  |2 rdacontenido 
337 |a sin mediación  |b n  |2 rdamedio 
338 |a volumen  |b nc  |2 rdasoporte 
440 1 |a (Huellas Memoria y Texto de Creación ;  |v 35.  |p Problemas La Complejidad Negada) 
649 |a XX 
650 |a Filósofos Ingleses 
650 |a Mujeres 
650 |a Libertad 
650 |a Solidaridad 
650 |a Utilitarismo 
650 |a Etica Política -  |x Tema Principal 
650 |a Filosofía Política 
650 |a Política 
650 |a Mill, John Stuart -  |x Tema Principal 
910 |a Fondo General 
920 |a Impresos - Libros 
930 |a Colección General 
905 |a 101 
901 |a 0500185052  |b IT1  |c ACC  |i FXC C835  |u 20250521 
902 |a https://opac.biblio.iteso.mx/vufind/Record/000299223